VRBS Roma. Vida y costumbre de los romanos
Salvato in:
| Autore principale: | |
|---|---|
| Natura: | Libro |
| Lingua: | spagnolo |
| Pubblicazione: |
Salamanca
Sígueme
1981
|
| Serie: | El peso de los días, 5-6
|
| Soggetti: | |
| Tags: |
Aggiungi Tag
Nessun Tag, puoi essere il primo ad aggiungerne!!
|
MARC
| LEADER | 00000nam a2200000 a 4500 | ||
|---|---|---|---|
| 001 | UCR2647 | ||
| 003 | CL-VaPUC | ||
| 008 | 980112e19810000SP |||||||||||||||||spa|d | ||
| 082 | 0 | 4 | |a 937 |b GUI |2 21 |
| 100 | 0 | |a Guilén, José |e author |9 400823 | |
| 245 | 1 | 0 | |a VRBS Roma. Vida y costumbre de los romanos |
| 300 | |a 2 v | ||
| 942 | |c BK | ||
| 945 | |d 19980112 00:00:00 |a aolguin | ||
| 260 | |a Salamanca |b Sígueme |c 1981 | ||
| 500 | |a v.1: La vida privada | ||
| 500 | |a v.2: La vida pública | ||
| 650 | 0 | |a Historia |9 255047 | |
| 650 | 7 | |a ROMANOS |2 CL-VaPUC |9 389417 | |
| 650 | 0 | |a Ciudades |9 265474 | |
| 650 | 0 | |a Vivienda |9 258662 | |
| 650 | 0 | |a Familias |9 255641 | |
| 650 | 0 | |a Educación |9 258661 | |
| 650 | 0 | |a Hijos |9 353490 | |
| 650 | 0 | |a Vestimenta |9 265323 | |
| 650 | 0 | |a Moda |9 346995 | |
| 650 | 0 | |a Vida social |9 337244 | |
| 650 | 0 | |a Vida política |9 337438 | |
| 650 | 7 | |a ENTRENTENCION |2 CL-VaPUC |9 400824 | |
| 651 | 7 | |a IMPERIO ROMANO |2 CL-VaPUC |9 400825 | |
| 583 | |a last modification |c 19980112 00:00:00 |k Rodrigo Vera | ||
| 490 | 0 | |a El peso de los días, 5-6 | |
| 999 | |c 265780 |d 265778 | ||
| 952 | |0 0 |1 0 |4 0 |6 937_000000000000000_GUI_1981 |7 0 |8 DER_ROM |9 296869 |a BIBDER |b BIBDER |d 2019-11-20 |h v.1 |i 1931148 |o 937 GUI 1981 |p 1931148 |r 2023-01-25 |w 2019-11-20 |x Ubicación 4to piso |y BK |z Este recurso debe solicitarse con anticipación |k DER | ||
| 952 | |0 0 |1 0 |4 0 |6 937_000000000000000_GUI_1981 |7 0 |8 DER_ROM |9 296870 |a BIBDER |b BIBDER |d 2019-11-20 |h v.2 |i 1931989 |o 937 GUI 1981 |p 1931989 |r 2023-01-25 |w 2019-11-20 |x Ubicación 4to piso |y BK |z Este recurso debe solicitarse con anticipación |k DER | ||